| 000 | 00000nam 2200000za 4500 |
| 001 | 9.801647 |
| 003 | CaOODSP |
| 005 | 20221107134834 |
| 007 | cr ||||||||||| |
| 008 | 150702q1993 xxcao |o f000 0 fre d |
| 040 | |aCaOODSP|bfre |
| 043 | |an-cn--- |
| 086 | 1 |aA72-128/1993F-PDF |
| 245 | 03|aLe cheval canadien-- une longueur d'avance |h[ressource électronique]. |
| 260 | |aOttawa : |bAgriculture Canada, Direction générale des programmes internationaux, |c[1993?]. |
| 300 | |a[10] p. : |bill. en coul. |
| 500 | |aPubl. en collab. avec : Affaires extérieures et Commerce extérieur Canada, Division des produits agricoles. |
| 500 | |aPublié aussi en anglais sous le titre : Canadian horses-- a stride ahead. |
| 500 | |aPublication historique numérisée par Agriculture et Agroalimentaire Canada. |
| 692 | 07|2gccst|aCheval |
| 710 | 1 |aCanada.|bAgriculture Canada.|bDirection générale des programmes internationaux. |
| 710 | 1 |aCanada.|bAffaires extérieures et commerce extérieur Canada.|bDirection des produits agricoles. |
| 775 | 08|tCanadian horses-- a stride ahead |w(CaOODSP)9.801645 |
| 856 | 40|qPDF|s1,013 Ko|uhttps://publications.gc.ca/collections/collection_2015/aac-aafc/A72-128-1993-fra.pdf |